[Event "168ª Partida de Comoadres"]
[Site "http://www.queenalice.com/game.php?id=1580031"]
[Date "2019.8.11"]
[Round "-"]
[White "JoseMessias"]
[Black "Paulobraz"]
[Result "0-1"]
[WhiteElo "1644"]
[BlackElo "1985"]

1. Nf3 g6 2. Nc3 Bg7 3. d4 d5 4. e4 dxe4 5. Nxe4 Bg4 6. h3 Bxf3 7. Qxf3 Qxd4 8.
Ng5 Nf6 9. Bb5+ c6 10. c3 Qe5+ 11. Be2 Nbd7 12. Bf4 Qa5 13. Bc4 O-O 14. O-O Ne5
15. Bxe5 Qxe5 16. h4 e6 17. Rfe1 Qc7 18. Re3 b5 19. Bb3 c5 20. Ne4 Nxe4 21. Qxe4
Rae8 22. Rae1 c4 23. Bc2 f5 24. Qf3 e5 25. Qd5+ Kh8 26. Qxb5 h5 27. Rg3 Kh7 28.
Rg5 Bf6 29. Rg3 Bxh4 30. Rh3 Bg5 31. Qa6 e4 32. Rg3 Kh6 33. Bd1 Rf6 34. Qa4 Ree6
35. Rh3 f4 36. Bg4 Re5 37. Qd1 h4 38. g3 fxg3 39. fxg3 Qc5+ 40. Kh1 Rd6 41.
Rxh4+ Bxh4 42. Qc2 Bxg3 43. Qc1+ g5 44. Rg1 Bf4 45. Qf1 Rd3 46. Be2 Re3 47. Bxc4
Kg6 48. Qxf4 Rh3+ 49. Qh2 Rxh2+ 50. Kxh2 Qxc4 0-1

[Event "169ª Partida de Compadres"]
[Site "http://www.queenalice.com/game.php?id=1580879"]
[Date "2019.8.20"]
[Round "-"]
[White "Paulobraz"]
[Black "JoseMessias"]
[Result "0-1"]
[WhiteElo "1991"]
[BlackElo "1628"]

1. e4 b6 2. d4 Bb7 3. Nc3 Nf6 4. f3 d5 5. e5 Nh5 6. g4 e6 7. gxh5 Qh4+ 8. Ke2
Qxh5 9. Be3 c5 10. Qd2 Ba6+ 11. Ke1 Bxf1 12. Kxf1 cxd4 13. Bxd4 Nc6 14. Nb5 Rc8
15. Re1 a6 16. Nc3 Bb4 17. a3 Be7 18. Bxb6 Nxe5 19. Rxe5 Qxe5 20. Bd4 Qg5 21.
Qxg5 Bxg5 22. Bxg7 Rg8 23. Be5 Bc1 24. Nge2 Bxb2 25. a4 Rg5 26. f4 Rf5 27. Rg1
f6 28. Ng3 Rxe5 29. fxe5 Bxc3 30. exf6 Bxf6 31. Nh5 Be5 32. Rg8+ Kd7 33. Rxc8
Kxc8 34. Ke2 Bxh2 35. Nf6 h6 36. Kd3 Be5 37. Ng4 Bf4 38. Kd4 h5 39. Nf6 h4 0-1

[Event "170ª Partida de compadres"]
[Site "http://www.queenalice.com/game.php?id=1581929"]
[Date "2019.8.30"]
[Round "-"]
[White "JoseMessias"]
[Black "Paulobraz"]
[Result "0-1"]
[WhiteElo "1645"]
[BlackElo "1961"]

1. g3 d5 2. Bg2 e5 3. Nf3 Nc6 4. d4 e4 5. Bg5 f6 6. Bf4 exf3 7. Bxf3 Bh3 8. g4
g5 9. Bd2 Bd6 10. Bc3 Qd7 11. Rg1 Nh6 12. Qd3 O-O-O 13. Nd2 Bxg4 14. Bxg4 Nxg4
15. h3 Nxf2 16. Kxf2 Rhf8 17. Nb3 f5 18. Rxg5 h6 19. Rh5 Rf6 20. Qb5 Re8 21. Na5
Nxa5 22. Qxd7+ Kxd7 23. Bxa5 b6 24. Bd2 c5 25. Bxh6 Rh8 26. Bg7 Rxh5 27. Bxf6
Rxh3 28. dxc5 Bxc5+ 29. Kg2 Re3 30. Kf1 Rg3 31. e3 Rxe3 32. a3 Rg3 33. Ke2 f4
34. Rf1 Bd6 35. Rd1 Rg2+ 36. Kf3 Rg3+ 37. Ke2 Kc6 38. Bh4 Rg2+ 39. Kf3 Rxc2 40.
Rb1 a5 41. Rg1 Rxb2 42. Rg6 Rb3+ 43. Kg4 Rxa3 44. Be7 Rg3+ 45. Kh5 Rxg6 0-1

[Event "171ª Partida de Compadres"]
[Site "http://www.queenalice.com/game.php?id=1582684"]
[Date "2019.9.7"]
[Round "-"]
[White "Paulobraz"]
[Black "JoseMessias"]
[Result "1-0"]
[WhiteElo "1937"]
[BlackElo "1717"]

1. e4 g6 2. Bc4 Bg7 3. d4 Nf6 4. e5 Ne4 5. Qf3 d5 6. exd6 Nxd6 7. Bxf7+ Nxf7 8.
c3 Qd6 9. Bf4 Qe6+ 10. Ne2 c6 11. O-O g5 12. Bg3 g4 13. Qd3 b6 14. Nf4 Qf5 15.
Qc4 Ba6 16. Qb4 Bxf1 17. Kxf1 Na6 18. Qc4 Qb5 19. Qxb5 cxb5 20. Ne6 Rg8 21. Na3
Rc8 22. Nxb5 Rc6 23. Re1 Nd8 24. Ng5 h6 25. Ne4 Re6 26. Nxa7 b5 27. Nxb5 Rb6 28.
a4 Ne6 29. d5 Ng5 30. Ned6+ Kd7 31. Nc4 Rf6 32. Ne5+ Ke8 33. Nc6 Bf8 34. d6 e6
35. Nc7+ Kd7 36. Ne5+ Kxd6 37. Nxa6 Bg7 38. Rd1+ Ke7 39. Rd7+ Ke8 40. Nc7+ Kf8
41. Rd8+ Ke7 42. Rxg8 Bf8 43. Ng6+ Kf7 44. Rxf8+ Kxg6 45. Rxf6+ Kxf6 46. Bh4 e5
47. a5 Kf5 48. Bxg5 Kxg5 49. a6 1-0

[Event "172ª Partida de Compadres"]
[Site "http://www.queenalice.com/game.php?id=1582686"]
[Date "2019.9.7"]
[Round "-"]
[White "JoseMessias"]
[Black "Paulobraz"]
[Result "1-0"]
[WhiteElo "1690"]
[BlackElo "1964"]

1. g3 d5 2. Bg2 e5 3. e4 d4 4. Nf3 Bg4 5. h3 Bh5 6. g4 Bg6 7. Nxe5 f6 8. Nxg6
hxg6 9. e5 c6 10. exf6 gxf6 11. Qe2+ Ne7 12. d3 Qa5+ 13. Bd2 Qb5 14. b3 Na6 15.
c4 dxc3 16. Nxc3 Qc5 17. Ne4 Qe5 18. Bc3 Qe6 19. Nxf6+ Kf7 20. b4 Bg7 21. Qxe6+
Kxe6 22. g5 Rh4 23. O-O-O Nxb4 24. Rhe1+ Kf7 25. d4 Nxa2+ 26. Kb2 Nxc3 27. Kxc3
Rd8 28. Re3 Rf4 29. Rde1 Nf5 30. Rf3 Rdxd4 31. Rxf4 Rxf4 32. f3 Nh4 33. Bf1
Rxf3+ 34. Kd2 Rg3 35. Ne4 Ra3 36. Nd6+ Kg8 37. Bc4+ Kf8 38. Re8# 1-0

[Event "174ª Partida de Compadres"]
[Site "http://www.queenalice.com/game.php?id=1583704"]
[Date "2019.9.17"]
[Round "-"]
[White "Paulobraz"]
[Black "JoseMessias"]
[Result "1-0"]
[WhiteElo "1944"]
[BlackElo "1724"]

1. e4 b6 2. Bc4 Bb7 3. Nc3 Nc6 4. Nf3 e5 5. d3 Nf6 6. Ng5 Qe7 7. Bxf7+ Kd8 8.
Bc4 Kc8 9. Nf7 Rg8 10. Nd6+ Qxd6 11. Bxg8 Nxg8 12. Nd5 Nd4 13. c4 Bxd5 14. exd5
Qb4+ 15. Bd2 Qxb2 16. O-O Nc2 17. Rc1 Nd4 18. a4 Nb3 19. Rc2 Qa3 20. Bc3 Qxa4
21. Bxe5 Nc5 22. Qe2 Nb3 23. Bc3 d6 24. Qe6+ Kb7 25. Qxg8 Be7 26. Qxh7 Bf6 27.
Bxf6 gxf6 28. Qh4 Na1 29. Re2 b5 30. Qxf6 bxc4 31. Rxa1 Qb5 32. Rb2 a6 33. dxc4
Qb6 34. Rxb6+ Kxb6 35. Qd4+ c5 36. Rb1+ Kc7 37. Qg7+ 1-0

[Event "173ª Partida de Compadres"]
[Site "http://www.queenalice.com/game.php?id=1583871"]
[Date "2019.9.18"]
[Round "-"]
[White "JoseMessias"]
[Black "Paulobraz"]
[Result "1-0"]
[WhiteElo "1717"]
[BlackElo "1951"]

1. g3 g6 2. Bg2 Bg7 3. d4 c5 4. dxc5 Qa5+ 5. Bd2 Qxc5 6. c3 Nc6 7. b4 Qc4 8. Na3
Qa6 9. Qb3 d6 10. b5 Qb6 11. Bxc6+ bxc6 12. Be3 c5 13. O-O-O Be6 14. c4 Nf6 15.
Nf3 O-O 16. Ng5 Ng4 17. h3 Nxe3 18. fxe3 Bf5 19. g4 Bd7 20. e4 Bh6 21. h4 f6 22.
Qe3 fxg5 23. hxg5 Bxg5 24. Qxg5 Rf7 25. Qd5 Rf8 26. e5 e6 27. Qd3 d5 28. cxd5
exd5 29. Qxd5 Bxg4 30. Qc4 Be6 31. Qc2 Qa5 32. Nc4 Bxc4 33. Qxc4 Qa3+ 34. Kc2
Kg7 35. e6 Rf4 36. Rd7+ 1-0

[Event "Challenge"]
[Site "http://www.queenalice.com/game.php?id=1585775"]
[Date "2019.10.5"]
[Round "-"]
[White "vivoferreira"]
[Black "Paulobraz"]
[Result "0-1"]
[WhiteElo "1469"]
[BlackElo "1947"]

1. e4 g6 2. d4 Bg7 3. Nc3 d6 4. Nf3 Nh6 5. Be3 O-O 6. Bd3 Ng4 7. h3 Nxe3 8. fxe3
Nc6 9. Qd2 a6 10. g4 e6 11. O-O-O d5 12. exd5 exd5 13. a3 Be6 14. e4 dxe4 15.
Bxe4 Na5 16. d5 Bd7 17. b4 Nc4 18. Qe2 Nxa3 19. Qd3 Bxc3 20. Qxc3 Nb5 21. Qb2
Qe7 22. Rhe1 Qd6 23. Ng5 Qf4+ 24. Rd2 Qxg5 25. c4 Nd6 26. c5 Nc4 27. Qc3 Nxd2
28. Qxd2 Qf6 0-1

[Event "Challenge"]
[Site "http://www.queenalice.com/game.php?id=1585776"]
[Date "2019.10.5"]
[Round "-"]
[White "Paulobraz"]
[Black "vivoferreira"]
[Result "1-0"]
[WhiteElo "1949"]
[BlackElo "1467"]

1. e4 e5 2. Bc4 Nc6 3. c3 Nf6 4. Qf3 d6 5. h3 Na5 6. Bd3 b6 7. b4 Bb7 8. bxa5
Be7 9. axb6 cxb6 10. Bb5+ Nd7 11. Ne2 O-O 12. Ng3 a6 13. Bd3 Bf6 14. Ba3 Be7 15.
Nf5 g6 16. Nxd6 Bxd6 17. Bxd6 Re8 18. Bc4 Nf6 19. Ba3 Bxe4 20. Qg3 Qd7 21. O-O
Qc6 22. Be2 b5 23. d3 Nh5 24. Bxh5 Rad8 25. dxe4 a5 26. Bc1 Kf8 27. Bh6+ Kg8 28.
Bf3 1-0

[Event "175ª Partida de Compadres"]
[Site "http://www.queenalice.com/game.php?id=1586185"]
[Date "2019.10.9"]
[Round "-"]
[White "JoseMessias"]
[Black "Paulobraz"]
[Result "0-1"]
[WhiteElo "1724"]
[BlackElo "1934"]

1. g3 d5 2. d4 e6 3. Bf4 g5 4. Bd2 Bg7 5. Nf3 h6 6. Ne5 Nd7 7. e3 Nxe5 8. dxe5
Bxe5 9. f4 gxf4 10. exf4 Bxb2 11. Nc3 d4 12. Rb1 dxc3 13. Be3 Qd5 14. Qxd5 exd5
15. Bd4 f6 16. Bd3 Kf7 17. h4 h5 18. O-O Bg4 19. f5 b6 20. Rfe1 c5 21. Bf2 c4
22. Bf1 Bxf5 23. Re2 Re8 24. Rxe8 Kxe8 25. Re1+ Kf7 26. Re3 Bxc2 27. Re2 Bd1 28.
Re1 c2 29. Be3 Bd4 30. Bxd4 c1=Q 31. Be2 Qd2 32. Rxd1 Qxe2 33. Rf1 Rh6 34. a4
Rg6 35. Bf2 Ne7 36. Re1 Qd2 37. Kf1 Nf5 38. Be3 Nxg3+ 0-1

[Event "176ª Partida de Compadres"]
[Site "http://www.queenalice.com/game.php?id=1586186"]
[Date "2019.10.9"]
[Round "-"]
[White "Paulobraz"]
[Black "JoseMessias"]
[Result "1-0"]
[WhiteElo "1926"]
[BlackElo "1732"]

1. e4 e5 2. Bc4 Nf6 3. d3 Bc5 4. h3 d5 5. exd5 Nxd5 6. Qf3 c6 7. a3 b5 8. Bb3 b4
9. axb4 Bxb4+ 10. Nc3 Nxc3 11. Qxf7# 1-0

[Event "177ª Partida de Compadres "]
[Site "http://www.queenalice.com/game.php?id=1591148"]
[Date "2019.11.24"]
[Round "-"]
[White "JoseMessias"]
[Black "Paulobraz"]
[Result "0-1"]
[WhiteElo "1799"]
[BlackElo "1953"]

1. g3 d5 2. b3 Bf5 3. Bb2 Nh6 4. Bg2 e6 5. e3 Nd7 6. h3 c6 7. g4 Bg6 8. h4 f6 9.
f4 Be4 10. Bxe4 dxe4 11. g5 fxg5 12. hxg5 Nf7 13. g6 hxg6 14. Rxh8 Nxh8 15. Qg4
Qe7 16. Ba3 Qf6 17. c3 O-O-O 18. Ne2 Bxa3 19. Nxa3 Nc5 20. b4 Nd3+ 21. Kf1 Rd5
22. Ng3 Rg5 23. Nxe4 Rxg4 24. Nxf6 gxf6 25. Ke2 Nb2 26. Kf3 Rh4 27. Kg3 g5 28.
fxg5 fxg5 29. Rb1 Nd3 30. Rf1 Kd7 31. Rf8 Ne5 32. d4 Nef7 33. Nc4 Rh1 34. Kg2
Rc1 35. Ne5+ Nxe5 36. dxe5 Ng6 37. Rf7+ Kc8 38. Rf6 Nxe5 39. Rxe6 Nd7 40. Rg6
Rxc3 41. Kf3 Ne5+ 0-1

[Event "178ª Partida de Compadres"]
[Site "http://www.queenalice.com/game.php?id=1591149"]
[Date "2019.11.24"]
[Round "-"]
[White "Paulobraz"]
[Black "JoseMessias"]
[Result "1-0"]
[WhiteElo "1942"]
[BlackElo "1810"]

1. e4 e5 2. Bc4 Nf6 3. d3 c5 4. Nf3 d5 5. exd5 Nxd5 6. Nxe5 Qe7 7. O-O Be6 8.
Bb5+ Nc6 9. Nxc6 bxc6 10. Bxc6+ Kd8 11. Bxa8 Qc7 12. Bxd5 Bxd5 13. Nc3 Be6 14.
Nb5 Qb8 15. c4 a6 16. Nc3 Bd6 17. g3 Bh3 18. Re1 Qb7 19. f3 Bg4 20. fxg4 1-0

[Event "179ª Partida de Compadres"]
[Site "http://www.queenalice.com/game.php?id=1592368"]
[Date "2019.12.7"]
[Round "-"]
[White "JoseMessias"]
[Black "Paulobraz"]
[Result "0-1"]
[WhiteElo "1788"]
[BlackElo "1963"]

1. e4 g6 2. Bc4 Bg7 3. Qf3 e6 4. d3 Qe7 5. Ne2 Nc6 6. Qg3 Be5 7. f4 Bf6 8. h4
Nb4 9. c3 Nc2+ 10. Kf2 Nxa1 11. Na3 b6 12. Be3 Bb7 13. Rxa1 Bxh4 14. Kf3 Bxg3
15. Nxg3 Nf6 16. Bd4 O-O-O 17. Nb5 Kb8 18. Be5 d6 19. Bd4 e5 20. Be3 a6 21. Na3
exf4 22. Bxf4 d5 23. exd5 Nxd5 24. Bxd5 Rxd5 25. Ne4 Rxd3+ 26. Be3 Qxe4+ 27. Ke2
Qxe3+ 0-1

[Event "180° Partida de Compadres"]
[Site "http://www.queenalice.com/game.php?id=1592369"]
[Date "2019.12.7"]
[Round "-"]
[White "Paulobraz"]
[Black "JoseMessias"]
[Result "0-1"]
[WhiteElo "1972"]
[BlackElo "1741"]

1. e4 e5 2. Bc4 f6 3. Ne2 d6 4. d4 Nc6 5. dxe5 fxe5 6. Qd5 Qf6 7. Bg5 Qg6 8. f4
Nd4 9. Nxd4 exd4 10. e5 Ne7 11. Qxd4 Nc6 12. Bb5 dxe5 13. Bxc6+ Qxc6 14. Qxe5+
Be6 15. O-O Bc5+ 16. Kh1 Qa6 17. Nc3 O-O 18. Qxc5 c6 19. a4 Bf5 20. Rac1 Be6 21.
b4 h6 22. b5 cxb5 23. axb5 Qb6 24. Qxb6 axb6 25. Na4 Rxa4 26. Be7 Rfxf4 27. Rxf4
Rxf4 28. h3 Bc4 29. Rb1 Rf7 30. Bd8 Rd7 31. Bxb6 Rd2 32. c3 Bd5 33. Rg1 Rd3 34.
Kh2 Rxc3 35. Ba7 Rb3 36. b6 Rb2 37. h4 Bf3 38. Kg3 Bh5 39. Rf1 Rb3+ 40. Kh2 Rb4
41. g3 Bg4 42. Rf2 Rb5 43. Rd2 Kh7 44. Rf2 Rb3 45. Kg2 Bd7 46. Rf7 Bc6+ 47. Kh2
Rb2+ 48. Kh3 h5 49. Bb8 Bg2+ 50. Kh2 Bd5+ 51. Rf2 Rxf2+ 52. Kh3 Be6+ 53. g4
Bxg4+ 54. Kg3 Rb2 55. Bc7 Rb3+ 56. Kf4 Rf3+ 57. Ke4 Rb3 0-1

[Event "Challenge"]
[Site "http://www.queenalice.com/game.php?id=1595435"]
[Date "2020.1.7"]
[Round "-"]
[White "Paulobraz"]
[Black "vivoferreira"]
[Result "1-0"]
[WhiteElo "1968"]
[BlackElo "1401"]

1. e4 e5 2. Bc4 Nf6 3. Qf3 Nc6 4. Nc3 b6 5. Nd5 Nd4 6. Nxf6+ Qxf6 7. Qd3 Bb7 8.
c3 Ne6 9. Bb5 O-O-O 10. Nf3 d5 11. Ba6 dxe4 12. Bxb7+ Kxb7 13. Qxe4+ Kb8 14.
Nxe5 Kc8 15. Qa8# 1-0

[Event "Challenge"]
[Site "http://www.queenalice.com/game.php?id=1595436"]
[Date "2020.1.7"]
[Round "-"]
[White "vivoferreira"]
[Black "Paulobraz"]
[Result "0-1"]
[WhiteElo "1439"]
[BlackElo "1970"]

1. e4 g6 2. d4 Bg7 3. e5 d6 4. f4 dxe5 5. fxe5 Bf5 6. Nc3 e6 7. g3 Ne7 8. Bg2 c6
9. h3 h5 10. g4 hxg4 11. Bd2 gxh3 12. Bxh3 Qxd4 13. Qf3 Qxe5+ 14. Kd1 Nd7 15.
Bxf5 Nxf5 16. Rxh8+ Bxh8 17. Nge2 O-O-O 18. Bf4 Qg7 19. Ke1 g5 20. Bh2 g4 21.
Qf2 Nb6 22. Nb1 Qxb2 23. Be5 Bxe5 24. Qe3 Nxe3 0-1

[Event "181ª Partida de Compadres"]
[Site "http://www.queenalice.com/game.php?id=1596381"]
[Date "2020.1.15"]
[Round "-"]
[White "JoseMessias"]
[Black "Paulobraz"]
[Result "0-1"]
[WhiteElo "1781"]
[BlackElo "1951"]

1. e4 g6 2. Nf3 Bg7 3. Bc4 e6 4. d3 c6 5. O-O b5 6. Bb3 Ne7 7. Ne5 Bxe5 8. d4
Bg7 9. Bg5 O-O 10. d5 Bxb2 11. Nd2 Bxa1 12. Qxa1 cxd5 13. Bh6 f6 14. Bxf8 Qxf8
15. exd5 Nxd5 16. f4 f5 17. Qd4 Nc6 18. Qb2 Qc5+ 19. Kh1 Ne3 20. Rf3 Bb7 21. Nf1
Nxf1 22. Rxf1 Nd4 23. Rd1 Ne2 24. c4 Nxf4 25. Rg1 Nh3 26. Rc1 Nf2+ 27. Kg1 Nd3+
28. Kh1 Nxb2 29. Rc2 Qe3 30. h4 Qe1+ 31. Kh2 Qxh4+ 32. Kg1 Nd3 33. Rd2 Qe1+ 34.
Kh2 Qxd2 0-1

[Event "182ª Partida de Compadres"]
[Site "http://www.queenalice.com/game.php?id=1596382"]
[Date "2020.1.15"]
[Round "-"]
[White "Paulobraz"]
[Black "JoseMessias"]
[Result "1-0"]
[WhiteElo "1960"]
[BlackElo "1772"]

1. e4 b5 2. Bxb5 Bb7 3. Nc3 c6 4. Bc4 d5 5. exd5 cxd5 6. Bb5+ Bc6 7. d4 Bxb5 8.
Nxb5 Qa5+ 9. Nc3 e6 10. Ne2 Bb4 11. O-O Nf6 12. Bd2 Nc6 13. a3 Bxc3 14. Bxc3 Qb5
15. b4 Ne4 16. Be1 O-O 17. f3 Nd6 18. Bg3 Nf5 19. Bf4 Rae8 20. Bd6 Nfe7 21. a4
Qb7 22. b5 Na5 23. Nf4 Qb6 24. Bc5 Qc7 25. Nd3 Nc4 26. Re1 Nb6 27. Ne5 Nc4 28.
Nxc4 dxc4 29. Qe2 c3 30. Qc4 f5 31. Qxe6+ Rf7 32. Qc4 Qd7 33. Qxc3 Nd5 34. Rxe8+
Qxe8 35. Qd2 Nb6 36. Re1 Qc8 37. Qe2 h5 38. a5 Nd5 39. c4 Nf4 40. Qe3 Ng6 41.
Qg5 Nf8 42. Qxh5 Ne6 43. Re5 Nf4 44. Qg5 Nd3 45. Rd5 Nxc5 46. Rd8+ Qxd8 47.
Qxd8+ Rf8 48. Qd5+ Kh7 49. Qxc5 Rf7 50. f4 g5 51. fxg5 Kg6 52. h4 Kh5 53. g3 Kg4
54. Kg2 Kh5 55. d5 f4 56. Qd4 f3+ 57. Kf2 Re7 58. Kxf3 Rf7+ 59. Kg2 Re7 60. d6
Re2+ 61. Kh3 Re8 62. Qf6 Rg8 63. Qh6# 1-0

[Event "Challenge"]
[Site "http://www.queenalice.com/game.php?id=1601766"]
[Date "2020.3.6"]
[Round "-"]
[White "Paulobraz"]
[Black "vivoferreira"]
[Result "1-0"]
[WhiteElo "1972"]
[BlackElo "1391"]

1. e4 c5 2. Bc4 e6 3. d4 b6 4. d5 Bb7 5. Nc3 exd5 6. Nxd5 Bxd5 7. Bxd5 Nc6 8.
Qf3 Qf6 9. Qg4 Rd8 10. Nf3 Nge7 11. Bb3 Ng6 12. c3 Nge5 13. Nxe5 Nxe5 14. Qg3
Bd6 15. O-O c4 16. Bc2 Nd3 17. Qg4 Ne5 18. Qg3 g6 19. Bg5 Qg7 20. Bxd8 Kxd8 21.
Rad1 Bc7 22. Rd5 Nd3 23. Qh4+ Kc8 24. Bxd3 cxd3 25. Rd1 f5 26. R1xd3 d6 27. exf5
g5 28. Qg4 Kb8 29. g3 h6 30. Rf3 Re8 31. f6 Re1+ 32. Kg2 Qf7 33. Qf5 b5 34.
Rxb5+ Ka8 35. Qc8+ 1-0

[Event "Challenge"]
[Site "http://www.queenalice.com/game.php?id=1605977"]
[Date "2020.4.4"]
[Round "-"]
[White "Paulobraz"]
[Black "vivoferreira"]
[Result "1-0"]
[WhiteElo "1974"]
[BlackElo "1413"]

1. e4 c5 2. Bc4 e6 3. d3 Nc6 4. Nf3 d6 5. Bg5 Be7 6. Bf4 b6 7. O-O Bb7 8. Nc3 e5
9. Bg3 Nf6 10. Ng5 O-O 11. Nxf7 Qd7 12. Nxe5+ 1-0

[Event "183ª Partida de Compadres"]
[Site "http://www.queenalice.com/game.php?id=1624074"]
[Date "2020.8.17"]
[Round "-"]
[White "JoseMessias"]
[Black "Paulobraz"]
[Result "0-1"]
[WhiteElo "1669"]
[BlackElo "1976"]

1. e4 e5 2. Bc4 Bc5 3. Qf3 Nf6 4. Qb3 O-O 5. Nf3 Nc6 6. Ng5 Qe7 7. d3 Nd4 8. Qa4
a6 9. c3 b5 10. Bxb5 axb5 11. Qd1 Ne6 12. d4 exd4 13. Qf3 dxc3 14. bxc3 Bb7 15.
O-O Ra4 16. Nd2 Nxg5 17. Qf5 Ngxe4 18. Re1 Bxf2+ 19. Qxf2 Nxf2 20. Rxe7 Nd3 21.
Nb3 Bd5 22. Be3 Bxb3 23. a3 Re4 24. Rxe4 Nxe4 25. Bd4 c5 26. Be3 Nxc3 27. Bd2
Ne2+ 28. Kf1 Re8 29. Rb1 c4 30. Re1 Nxe1 31. Bxe1 c3 32. Bxc3 Nxc3 0-1

[Event "184ª Partida de Compadres"]
[Site "http://www.queenalice.com/game.php?id=1624810"]
[Date "2020.8.24"]
[Round "-"]
[White "Paulobraz"]
[Black "JoseMessias"]
[Result "1-0"]
[WhiteElo "1980"]
[BlackElo "1631"]

1. e4 e5 2. Bc4 Nf6 3. Nf3 d6 4. Ng5 Bg4 5. Bxf7+ Ke7 6. f3 h6 7. fxg4 hxg5 8.
Bc4 Nxe4 9. d3 Nf6 10. Nc3 d5 11. Bb3 d4 12. Ne4 Nbd7 13. Nxg5 Rh4 14. Ne6 Qc8
15. h3 Ke8 16. Bg5 Rh7 17. Nxf8 Nxf8 18. Qf3 N8d7 19. O-O-O b5 20. Qc6 Kd8 21.
Qxb5 a6 22. Qd5 Rh8 23. Qf7 c5 24. Qxg7 Re8 25. Qf7 Kc7 26. Qc4 Nh7 27. Bd2 Nb6
28. Qxc5+ Kb7 29. Qb4 a5 30. Qb5 Qc6 31. Qxc6+ Kxc6 32. a4 e4 33. dxe4 Rxe4 34.
Rde1 Ng5 35. Bxg5 Rae8 36. Rxe4 Rxe4 37. Bd2 Re2 38. Bxa5 Nd7 39. Rg1 Nc5 40.
Bc4 Re3 41. Bd2 Re5 42. a5 Ne4 43. b4 Ng3 44. Bf4 Ne2+ 45. Bxe2 Rxe2 46. g5 Kb5
47. Bd2 Re6 48. h4 Rc6 49. h5 d3 50. c3 1-0

[Event "185ª Partida de Compadre"]
[Site "http://www.queenalice.com/game.php?id=1625655"]
[Date "2020.9.1"]
[Round "-"]
[White "JoseMessias"]
[Black "Paulobraz"]
[Result "0-1"]
[WhiteElo "1611"]
[BlackElo "1982"]

1. g3 g6 2. Bg2 Bg7 3. d4 e5 4. d5 d6 5. f4 exf4 6. Bxf4 Bxb2 7. Nd2 Bxa1 8.
Qxa1 Qf6 9. Qxf6 Nxf6 10. c4 Na6 11. Bg5 Ng4 12. Bf3 Nb4 13. h3 Ne5 14. Bg2 Nxa2
15. Bf6 O-O 16. Bxe5 dxe5 17. Ngf3 Re8 18. Ne4 Kg7 19. O-O Nb4 20. Rb1 a5 21.
Nfg5 Nc2 22. Nc5 Rb8 23. Rf1 f6 24. Nge4 Bf5 25. g4 Bxe4 26. Bxe4 Ne3 27. Rc1 f5
28. gxf5 gxf5 29. Bf3 Re7 30. Ne6+ Kf6 31. Kf2 f4 32. c5 a4 33. c6 bxc6 34. Rxc6
Kf5 35. Nc5 a3 36. Ra6 Rb5 37. Nd3 Nc2 38. Bg4+ Kg5 39. Bf3 e4 40. Rc6 exd3 41.
exd3 Rb2 42. Bd1 Nd4+ 43. Rc2 Nxc2 0-1

[Event "186ª Partida de Compadres"]
[Site "http://www.queenalice.com/game.php?id=1626340"]
[Date "2020.9.8"]
[Round "-"]
[White "Paulobraz"]
[Black "JoseMessias"]
[Result "1-0"]
[WhiteElo "1984"]
[BlackElo "1640"]

1. e4 d5 2. exd5 Qxd5 3. Nc3 Qe6+ 4. Be2 b6 5. Nf3 Qg4 6. O-O Qg6 7. Ne5 Qe6 8.
d4 c6 9. Bg4 f5 10. Bf3 Bb7 11. Re1 Qd6 12. Nb5 Qf6 13. Nc7+ Kd8 14. Nxa8 Bxa8
15. c4 e6 16. c5 b5 17. Bg5 Nh6 18. Bxf6+ gxf6 19. Nd3 Nd7 20. Rxe6 a5 21. Bxc6
Bxc6 22. Rxc6 Nf7 23. Qh5 Nh6 24. Re1 Bg7 25. Nf4 Nb8 26. Ne6+ Kd7 27. Rc7# 1-0